000
00307nam a22001337a 4500
008
170614b xxu||||| |||| 00| 0 eng d
020
_a
9780078050107
041
_a
eng
080
_2
15 ED
_a
32
100
_a
19
101
_a
SHP
245
_a
TAKING SIDES WORLD POLITICS
_c
ROURKE.J.T
942
_2
udc
_c
BK
999
_c
17261
_d
17261